|
|
|
|
| LEADER |
01601nam a2200421 a 4500 |
| 001 |
nkc20112238055 |
| 003 |
CZ PrNK |
| 005 |
20111223104302.0 |
| 007 |
ta |
| 008 |
111024s2011 xr a b 000 j cze |
| 015 |
|
|
|a cnb002238055
|
| 020 |
|
|
|a 978-80-86283-78-4
|q (váz) :
|c Kč 268,00
|
| 035 |
|
|
|a (OCoLC)773171814
|
| 040 |
|
|
|a BOA001
|b cze
|
| 072 |
|
7 |
|a 821.162.3-3
|x Česká próza
|2 Konspekt
|9 25
|
| 072 |
|
7 |
|a 821-93
|x Literatura pro děti a mládež (beletrie)
|2 Konspekt
|9 26
|
| 080 |
|
|
|a 821-93
|2 MRF
|
| 080 |
|
|
|a 821.162.3-32
|2 MRF
|
| 080 |
|
|
|a (0:82-32)
|2 MRF
|
| 100 |
1 |
|
|a Fischerová, Viola,
|d 1935-2010
|7 jk01031308
|4 aut
|
| 245 |
1 |
0 |
|a Jak zvířátka uzdravila smutný dům /
|c Viola Fischerová ; [ilustrace Monika Novotná]
|
| 250 |
|
|
|a 1. vyd.
|
| 260 |
|
|
|a Praha :
|b Meander,
|c 2011
|
| 300 |
|
|
|a 44 s. :
|b barev. il. ;
|c 16 x 20 cm
|
| 490 |
1 |
|
|a Modrý slon ;
|v sv. 44
|
| 500 |
|
|
|a Součástí 1. vyd. je 100 výt. autorem a výtvarníkem čísl. a signovaných
|
| 655 |
|
7 |
|a české příběhy
|7 fd133973
|2 czenas
|
| 655 |
|
7 |
|a publikace pro děti
|7 fd133156
|2 czenas
|
| 655 |
|
9 |
|a Czech stories
|2 eczenas
|
| 655 |
|
9 |
|a children's literature
|2 eczenas
|
| 700 |
1 |
|
|a Novotná, Monika,
|d 1984-
|7 xx0143292
|4 ill
|
| 830 |
|
0 |
|a Modrý slon (Meander)
|0 s
|
| 856 |
4 |
1 |
|u http://www.digitalniknihovna.cz/mzk/uuid/uuid:3a5b45b0-9c23-11ea-8b1b-005056827e52
|y Digitalizovaný dokument
|x NDK
|
| 910 |
2 |
|
|a BOA001
|b 1-1275.656
|
| 990 |
|
|
|a BK
|
| 995 |
|
|
|a 01
|
| 991 |
|
|
|b 201111
|e db
|
| 996 |
6 |
|
|b 2610493875
|c 1-1275.656
|l MZK
|r Sklad / do 1 hodiny
|n 3
|p p.v.
|w 001215133
|u 000010
|a 1
|e BOA001
|j MZK50
|s P
|